000 004430000a22001810004500
003 MACL
005 20150728160351.0
008 150728b xxu||||| |||| 00| 0 eng d
040 _aMACL
_cMACL
041 _aEnglish
082 _a330/KHU
100 _aKhusro, A. M.
_92922
245 _aManaging the Indian Economy
260 _bHarA̜nad Publication
_c1993
_aNew Delhi
350 _a250
650 _aEconomics
_92923
942 _cBK
_k330
_2ddc
999 _c3903
_d3903